000 00662nam a22002177a 4500
999 _c14217
_d14217
003 AR-CdUCM
008 190422b ||||| |||| 00| 0 spa d
020 _a968-16-7312-3
040 _aMUNICIPALIDAD PROVINCIAL DEL CUSCO
_cBIBLIOTECA MUNICIPAL DEL CUSCO
082 _aEP / 803 /
_bV33
100 _aVasco, Irene
_932899
245 _aLas sombras de la escalera /
260 _aMéxico :
_bFondo de cultura económica,
_c2004.
300 _a65 páginas ;
_c19 cm.
440 _n172
_932900
505 _aContenido :Las sombras de la escalera .
650 _aCuentos
_9217
650 _aHistorieta
_931942
942 _2ddc
_cLIBROS
945 _arum
_d2019-04-22